000 00933nam a2200289Ia 4500
001 Para_7465
003 CHAP
008 220125s1990 xx 000 0 und d
010 _a206353
040 _cCHAP
082 _aPA 632.4 M4
100 _aMendoza Zamora, Cecilio
_974770
245 _aDiagnóstico de enfermedades fungosas /
_c por Cecilio Mendoza Zamora y Guillermo F. López Aceves
260 _aChapingo, Méx. :
_b UACh. Departamento de Parasitología Agrícola
300 _a166 p.
650 _aCultivos
_x enfermedades por hongos
_930265
650 _aFruta
_x enfermedades por hongos
_943612
700 _aLópez Aceves, Guillermo F.
_9172657
710 _aUACh. Departamento de Parasitología Agrícola
_9115877
901 _aPA 632.4 M4
902 _aA
905 _a0000001990 a 0000000000 00
910 _a1990
942 _cPARA
942 _cPARA
_d1
999 _c206353
_d206353